000
00280nam a22001337a 4500
008
170615b xxu||||| |||| 00| 0 eng d
020
_a
0688079962
041
_a
eng
080
_a
32
100
_a
20
101
_a
SHP
245
_a
YEARS OF INFAMY
_c
WEGLYN, M
942
_2
udc
_c
BK
999
_c
17657
_d
17657